| 000 | 00400nam a22001577a 4500 | ||
|---|---|---|---|
| 003 | SGT | ||
| 020 | _a9788195409617 | ||
| 082 |
_a615.53 _bS21C |
||
| 100 | _aCCRAS, MINISTRY OF AYUSH | ||
| 245 | _aSAFETY AND PRESCRIPTION TRENDS OF RASOUSHADHIS | ||
| 260 |
_aNEW DELHI _bCCRAS _c2021 |
||
| 300 | _a90 | ||
| 650 | _aAYURVEDA | ||
| 653 | _aSAFETY, PRESCRIPTION, TRENDS, RASOUSHADHIS | ||
| 942 |
_2ddc _cBK |
||
| 999 |
_c24992 _d24992 |
||